000 00330nam a2200097Ia 4500
082 _a333.3168|HEND
245 0 _aThe promise of land : undoing a century of dispossession in South Africa
100 _a Hendricks, Fred T. Auckland Park, South Africa, 2013
_967244
942 _cBK
008 210817s9999 xx 000 0 und d
999 _c216505
_d216504